| 000 | 00736nam a2200253Ia 4500 | ||
|---|---|---|---|
| 008 | 180523s9999 xx 000 0 und d | ||
| 020 | _a0-07-244371-5 | ||
| 050 | _aMAIN HD 30.28 | ||
| 050 | _b.T46 2003 c.2 | ||
| 100 | _aThompson, Arthur A. Jr., | ||
| 245 | 0 | _aStrategic management : | |
| 245 | 0 | _bconcepts and cases / | |
| 245 | 0 | _cArthur A. Thompson Jr., A. J. Strickland III. | |
| 250 | _a13th edition | ||
| 260 | _aNew York : | ||
| 260 | _bMcGraw-Hill, | ||
| 260 | _c2003 | ||
| 300 | _a1 volume (various paging) : | ||
| 300 | _billustrations ; | ||
| 300 | _c25 cm. | ||
| 500 | _aIncludes bibliographical references and index. | ||
| 650 | _aStrategic planning. | ||
| 650 | _xStrategic planning -- Case studies. | ||
| 999 |
_c356823 _d356823 |
||